| 000 | 00708nam a22002297a 4500 | ||
|---|---|---|---|
| 005 | 20251108173001.0 | ||
| 008 | 250721s2005 xx 000 0 ara d | ||
| 020 | _a9957423053 | ||
| 082 | 1 | 4 | _a613.9/ رب |
| 100 | 1 | _aأبو الرب، محمود | |
| 245 | 1 | 0 | _aكيف نعالج الضعف الجنسي ؟ / |
| 264 | 1 |
_aعمان : _bدار الأسرة للنشرو التوزيع، _c2005. |
|
| 300 | _a103ص | ||
| 650 | 1 | 7 | _aالعقم |
| 650 | 1 | 7 | _aالتناسل الجنسي |
| 650 | 1 | 7 | _aالتربية الجنسية |
| 650 | 1 | 7 | _aالجنس |
| 650 | 1 | 7 | _aالأمراض المنقولة جنسياً |
| 650 | 1 | 7 | _aالمعلومات الصحية |
| 942 |
_2ddc _cBK |
||
| 999 |
_c93339 _d93339 |
||